[Event "Middle rating MT"]
[Site "SchemingMind.com"]
[Date "2017.11.04"]
[Round "-"]
[White "aliwood"]
[Black "Mitch The Man"]
[Result "1/2-1/2"]
[WhiteCountry "ENG"]
[BlackCountry "USA"]
[WhiteElo "1301"]
[WhiteRD "55"]
[BlackElo "1338"]
[BlackRD "60"]
[GameID "420263"]

1. Nf3 f6 2. c4 e5 3. d4 e4 4. Nfd2 Bb4 5. a3 Bxd2+ 6. Bxd2 Ne7 7. e3 O-O 8. Be2 d6 9. O-O Be6 10. b3 Bf7
11. Nc3 Nd7 12. Nxe4 Bg6 13. f3 Re8 14. Bc3 Bxe4 15. fxe4 a6 16. e5 fxe5 17. dxe5 dxe5 18. b4 Qc8 19. Bg4 Rd8 20. Ra2 Ng6
21. Raf2 Qb8 22. Bxd7 Nf8 23. Rf7 Nxd7 24. Qh5 Qa7 25. Kh1 Qxe3 26. Be1 Qh6 27. Qxh6 gxh6 28. R7f3 Rf8 29. Bc3 Rxf3 30. Rxf3 h5
31. h4 Re8 32. Kh2 Nf8 33. Rg3+ Ng6 34. Rg5 Re6 35. Kh3 Kg7 36. g4 Kh6 37. Bd2 Nf4+ 38. Kg3 hxg4 39. Kxg4 Rg6 40. Kf5 Rxg5+
41. hxg5+ Kh5 42. Kxe5 Ng6+ 43. Kf5 Nh4+ 44. Kf4 Ng6+ 45. Kf5 Nh4+ 46. Kf6 Ng6=
1/2-1/2

[Event "Middle rating MT"]
[Site "SchemingMind.com"]
[Date "2017.11.04"]
[Round "-"]
[White "Mitch The Man"]
[Black "Wolli"]
[Result "0-1"]
[WhiteCountry "USA"]
[BlackCountry "GER"]
[WhiteElo "1364"]
[WhiteRD "61"]
[BlackElo "1575"]
[BlackRD "99"]
[GameID "420264"]

1. e4 d6 2. d4 Nf6 3. Bd3 c6 4. h3 b5 5. Ne2 Bb7 6. O-O g6 7. b4 Bg7 8. a4 a6 9. a5 O-O 10. Be3 Nbd7
11. c4 bxc4 12. Bxc4 Nxe4 13. Bd3 Nef6 14. Bf4 c5 15. dxc5 dxc5 16. Bd2 cxb4 17. Bxb4 Nd5 18. Bd2 Bxa1 19. Na3 Bg7 20. Qb3 Nc5
21. Qc2 Nxd3 22. Qxd3 Nf4
0-1

[Event "Middle rating MT"]
[Site "SchemingMind.com"]
[Date "2017.11.04"]
[Round "-"]
[White "Wolli"]
[Black "Mitch The Man"]
[Result "1-0"]
[WhiteCountry "GER"]
[BlackCountry "USA"]
[WhiteElo "1575"]
[WhiteRD "99"]
[BlackElo "1364"]
[BlackRD "61"]
[GameID "420265"]

1. c4 e5 2. g3 Bc5 3. Bg2 Ne7 4. e3 O-O 5. d4 Bb4+ 6. Nc3 exd4 7. exd4 Bxc3+ 8. bxc3 c6 9. Nf3 d6 10. O-O b5
11. cxb5 cxb5 12. a4 Bb7 13. axb5 Ng6 14. Ba3 Qb6 15. c4 Qd8 16. c5 a5 17. c6 Bc8 18. d5 Qc7 19. Qd4 Re8 20. b6 Qe7
21. Rfe1 Qf6 22. Rxe8+ Nf8 23. Qxf6 gxf6 24. Bxd6 Kg7 25. Bxf8+
1-0

[Event "Middle rating MT"]
[Site "SchemingMind.com"]
[Date "2017.11.04"]
[Round "-"]
[White "Mitch The Man"]
[Black "Ronald R. Nurmi"]
[Result "0-1"]
[WhiteCountry "USA"]
[BlackCountry "USA"]
[WhiteElo "1294"]
[WhiteRD "60"]
[BlackElo "1785"]
[BlackRD "77"]
[GameID "420266"]

1. e4 d5 2. Bd3 dxe4 3. Bxe4 Nf6 4. Bf3 e5 5. Nc3 Bd6 6. Nge2 O-O 7. O-O c6 8. Ne4 Nxe4 9. Bxe4 Be6 10. c3 Nd7
11. Ng3 Nf6 12. Bc2 Bg4 13. f3 Be6 14. Ne2 Bc5+ 15. Kh1 Qc7 16. b4 Bb6 17. Bb2 Rad8 18. Qc1 Bc4 19. d3 Bxd3 20. Bxd3 Rxd3
21. a4 a6 22. Rd1 Rfd8 23. Rxd3 Rxd3 24. a5 Be3 25. Qf1 Rd6 26. Bc1 Bxc1 27. Rxc1 Qd7 28. h3 Rd3 29. Re1 Nd5 30. Rc1 Ne3
31. Qf2 Rd1+ 32. Rxd1 Qxd1+ 33. Kh2 Nf1+ 34. Kg1 Ng3+ 35. Kh2 Nxe2
0-1

[Event "Middle rating MT"]
[Site "SchemingMind.com"]
[Date "2017.11.04"]
[Round "-"]
[White "Ronald R. Nurmi"]
[Black "Mitch The Man"]
[Result "1-0"]
[WhiteCountry "USA"]
[BlackCountry "USA"]
[WhiteElo "1785"]
[WhiteRD "77"]
[BlackElo "1294"]
[BlackRD "60"]
[GameID "420267"]

1. d4 d5 2. Bf4 e6 3. e3 Bd6 4. Bg3 Bxg3 5. hxg3 Ne7 6. c4 O-O 7. Nf3 c6 8. Bd3 Ng6 9. Nbd2 f5 10. O-O a6
11. a4 Nd7 12. b4 Qe7 13. Qc2 Kh8 14. Rfb1 Nb8 15. b5 a5 16. bxc6 Nxc6 17. cxd5 Nb4 18. Qb3 Nxd3 19. Qxd3 exd5 20. Nb3 b6
21. Qb5 Bd7 22. Qxb6 Rfb8 23. Qc5 Qxc5 24. Nxc5 Rxb1+ 25. Rxb1 Bc6 26. Rb6 Be8 27. Kf1 h6 28. Ke2 Bf7 29. Nd2 Kh7 30. Rb7 Be8
31. Ne6 h5 32. Nxg7 Bxa4 33. Nxf5+ Kh8 34. Nb3 Bxb3 35. Rxb3 a4 36. Ra3 Nf8 37. Ne7 Kh7 38. Nxd5 Nd7 39. f4 Ra5 40. Nc3 Nb6
41. Kf3 Kg6 42. e4 Nc4 43. Rxa4 Rxa4 44. Nxa4 Nd2+ 45. Ke3 Nc4+ 46. Kd3 Nd6 47. Nc5 Kf7 48. e5 Nf5 49. d5
1-0

[Event "Middle rating MT"]
[Site "SchemingMind.com"]
[Date "2017.11.04"]
[Round "-"]
[White "Mitch The Man"]
[Black "ray winteringham"]
[Result "0-1"]
[WhiteCountry "USA"]
[BlackCountry "ENG"]
[WhiteElo "1364"]
[WhiteRD "61"]
[BlackElo "1483"]
[BlackRD "52"]
[GameID "420268"]

1. e4 c5 2. c4 Nc6 3. Nf3 g6 4. a3 Bg7 5. h3 d6 6. Bd3 e6 7. O-O Nge7 8. Ra2 O-O 9. Bc2 Bd7 10. Ba4 b6
11. b3 f6 12. Bb2 e5 13. Bxc6 Bxc6 14. d3 f5 15. Ng5 Bd7 16. Nf3 f4 17. Kh2 h6 18. Nbd2 g5 19. b4 Bf6 20. b5 a6
21. Ng1 Be6 22. Ra1 Bd7 23. Qb3 Kg7 24. a4 Qe8 25. f3 Ng6 26. Nb1 h5 27. Nc3 Be6 28. Qd1 Rh8 29. Nge2 Qc8 30. Rh1 g4
31. Kg1 gxh3 32. gxh3 Bxh3 33. Nd5 Bh4 34. Nxb6 Qd8 35. Rxh3 Qg5+ 36. Kf1 Kh6 37. Nxa8 Rg8 38. Ng1 Ne7 39. Ke2 Qg2#
0-1

[Event "Middle rating MT"]
[Site "SchemingMind.com"]
[Date "2017.11.04"]
[Round "-"]
[White "ray winteringham"]
[Black "Mitch The Man"]
[Result "1-0"]
[WhiteCountry "ENG"]
[BlackCountry "USA"]
[WhiteElo "1483"]
[WhiteRD "52"]
[BlackElo "1364"]
[BlackRD "61"]
[GameID "420269"]

1. e4 e5 2. Nf3 Bd6 3. Bc4 Nf6 4. d3 h6 5. Be3 O-O 6. Nbd2 Ng4 7. Qe2 Nxe3 8. Qxe3 b6 9. a3 c6 10. Bb3 Bc7
11. O-O-O d6 12. g3 Bh3 13. Ne1 Bg4 14. f3 Be6 15. Ng2 Bxb3 16. Nxb3 Nd7 17. Nh4 Qf6 18. Rhf1 Rfe8 19. f4 Qd8 20. f5 Nf6
21. h3 Kh7 22. Rg1 Rg8 23. g4 Qf8 24. g5 hxg5 25. Qxg5 Kh8 26. Rg2 Nh7 27. Qg4 Bd8 28. Rdg1 Bg5+ 29. Kb1 Qe7 30. Nf3 f6
31. d4 Qf7 32. Nxg5 fxg5 33. Rd1 a5 34. Nd2 Qf6 35. Nf3 Qh6 36. dxe5 dxe5 37. Nxe5 Rgf8 38. Ng6+ Kg8 39. Nxf8 Rxf8 40. e5 b5
41. Rd6 Qh4 42. Qxh4 gxh4 43. Rxc6 Rxf5 44. e6 Re5 45. Rf2 Nf6 46. Rd2 Kh7 47. Ka2 Nd5 48. Rd6 Ne7 49. b3 g5 50. Rg2 Kg6
51. Rf2 Nc8 52. Ra6 a4 53. bxa4 bxa4 54. Kb2 Ne7 55. Rf7 Nf5 56. Rfa7 Rb5+ 57. Ka2
1-0

[Event "Middle rating MT"]
[Site "SchemingMind.com"]
[Date "2017.11.04"]
[Round "-"]
[White "Mitch The Man"]
[Black "Chessibelle"]
[Result "1-0"]
[WhiteCountry "USA"]
[BlackCountry "ENG"]
[WhiteElo "1364"]
[WhiteRD "61"]
[BlackElo "1084"]
[BlackRD "61"]
[GameID "420270"]

1. e4 e5 2. Nf3 Nc6 3. c3 g6 4. Bc4 Bg7 5. O-O Nge7 6. d3 O-O 7. h3 d6 8. Ng5 h5 9. Nxf7 Qd7 10. Nxe5+ Kh7
11. Nxd7 Bxd7 12. d4 d5 13. exd5 Na5 14. Qe2 Rae8 15. Bd3 Nxd5 16. Qd2 Bh6 17. Qd1 Nc6 18. Bxh6 Rg8 19. Bg5 a6 20. Qf3 Nde7
21. Re1 b5 22. Nd2 Kh8 23. Bf6+ Kh7 24. Bg5 Ref8 25. Qg3 Rf5 26. Bxe7 Nxe7 27. Rxe7+ Kh6 28. Bxf5 Bxf5 29. Qf4+
1-0

[Event "Middle rating MT"]
[Site "SchemingMind.com"]
[Date "2017.11.04"]
[Round "-"]
[White "Chessibelle"]
[Black "Mitch The Man"]
[Result "0-1"]
[WhiteCountry "ENG"]
[BlackCountry "USA"]
[WhiteElo "1084"]
[WhiteRD "61"]
[BlackElo "1364"]
[BlackRD "61"]
[GameID "420271"]

1. e4 e5 2. Nf3 d6 3. g3 Be7 4. Be2 Bf6 5. O-O Ne7 6. Nc3 O-O 7. d3 c6 8. Bd2 b5 9. b4 Na6 10. a3 Nc7
11. Be3 Bh3 12. Re1 Ng6 13. Bf1 Bxf1 14. Rxf1 Ne6 15. Ne2 Qc7 16. Nh4 Nxh4 17. Nc3 Ng6 18. Qf3 Rab8 19. Ne2 Rb7 20. c3 Bg5
21. d4 Bxe3 22. Qxe3 Qe7 23. f4 a6 24. Qd3 exf4 25. gxf4 Qh4 26. Ng3 Nexf4 27. Qf3 Nh3+ 28. Kh1 Ngf4 29. Nf5 Qg5 30. Nxd6 Rc7
31. e5 Qg6 32. Ne4 Re7 33. Ng3 Re6 34. Rfd1 Qg5 35. Rd2 g6 36. Raa2 f5 37. Rac2 h5 38. d5 Rxe5 39. c4 Re1+
0-1

[Event "Middle rating MT"]
[Site "SchemingMind.com"]
[Date "2017.11.05"]
[Round "-"]
[White "Mitch The Man"]
[Black "EndeavourMorse"]
[Result "0-1"]
[WhiteCountry "USA"]
[BlackCountry "SCO"]
[WhiteElo "1364"]
[WhiteRD "61"]
[BlackElo "1590"]
[BlackRD "121"]
[GameID "420272"]

1. e4 e6 2. e5 d5 3. d4 c5 4. Bb5+ Nc6 5. Ne2 Qa5+ 6. Bd2 Qxb5 7. b3 cxd4 8. a4 Qb6 9. O-O Nxe5 10. Bf4 Bd6
11. Nxd4 Ne7 12. c3 N5g6 13. Bxd6 Qxd6 14. Nb5 Qd7 15. N5a3 b6 16. Qd3 Ne5 17. Qe2 a5 18. Qxe5 O-O 19. Qd4 Qc6 20. Ra2 Nf5
21. Qd2 Ba6 22. Re1 Rad8 23. Qb2 Nh4 24. Qc2 d4 25. f3 Qc5 26. Qf2 Nf5 27. f4 Ne3 28. c4 Ng4 29. Qf3 Qh5 30. Qg3 Bb7
31. h3 Ne3 32. Nd2 Bxg2 33. Qg4 Nxg4
0-1

[Event "Middle rating MT"]
[Site "SchemingMind.com"]
[Date "2017.11.05"]
[Round "-"]
[White "EndeavourMorse"]
[Black "Mitch The Man"]
[Result "1-0"]
[WhiteCountry "SCO"]
[BlackCountry "USA"]
[WhiteElo "1590"]
[WhiteRD "121"]
[BlackElo "1364"]
[BlackRD "61"]
[GameID "420273"]

1. b3 e5 2. e4 Bd6 3. Bb2 Ne7 4. d4 Ng6 5. Nf3 O-O 6. dxe5 Be7 7. Qd4 Nf4 8. e6 Nxe6 9. Qc3 Bf6 10. e5 Be7
11. a3 c6 12. Nd4 Nxd4 13. Qxd4 Kh8 14. Bd3 Rg8 15. Qe4 g6 16. Qd4 Bf8 17. Nd2 Bg7 18. O-O d6 19. Nf3 dxe5 20. Qxd8 Rxd8
21. Bxe5 Bxe5 22. Nxe5 Kg7 23. Bc4 Be6 24. Bxe6 fxe6 25. Rad1 Rxd1 26. Rxd1 Na6 27. Rd7+ Kf6 28. Ng4+ Kg5 29. f3 h5 30. Ne5 Rb8
31. Rg7 Kf6 32. Rxg6+ Kxe5 33. Rg5+ Kf6 34. Rxh5 Kg6 35. Re5 Kf6 36. Rh5 Kg6 37. g4 Nc7 38. Kg2 Nd5 39. Kg3 Nf6 40. Rc5 Nd5
41. h4 Rf8 42. Rc4 Ne3 43. Re4 Nf1+ 44. Kf2 Nd2 45. Rxe6+ Kg7 46. Re7+ Kg8 47. Rxb7 Nxf3 48. Kg3 Ne1 49. Rxa7 Rf3+ 50. Kh2 Rf2+
51. Kg3 Rxc2 52. Ra8+ Kf7 53. Ra7+ Ke6 54. Ra6 Nd3 55. b4 Ne5 56. b5 Rc3+ 57. Kf4 Nd3+ 58. Ke4 Ne5 59. g5 Rc4+ 60. Ke3 Kd5
61. bxc6 Nxc6 62. h5 Rh4 63. h6 Rh5 64. Ra4 Rxg5 65. Rh4 Re5+ 66. Kf4 Re8 67. h7 Rh8 68. Kg5 Ne7 69. Kf6
1-0